Indianapolis 500 Starters - Statistics

General Stats
  • This quiz has been taken 69 times
    25 since last reset
  • The average score is 120 of 499
Answer Stats
Years Best Finish Best Start Starts Birthplace Team/Owner Driver % Correct
1958-1992 1st (1961, 1964, 1967, 1977) 1st (1965, 1969, 1974, 1975) 35 Houston, Texas A.J. Foyt Enterprises AJ Foyt
86%
2003-2005, 2007-2009 14th (2007 18th (2007) 6 Louisville, Kentucky AJ Foyt Enterprises, Vision Racing Aj Foyt IV
86%
1991-1993 15th (1991) 11th (1991) 3 Bethlehem, Pennsylvania Bayside Disposal Racing, AJ Foyt Enterprises, Pagan Racing Jeff Andretti
86%
1988-1994, 2007-2011 5th (1991) 7th (1991) 12 Bethlehem, Pennsylvania Curb Racing, Granatelli Racing, Porsche, Hall/VDS Racing, AJ Foyt Enterprises, Panther Racing, Roth Racing, Richard Petty/DRR, Richard Petty/Andretti Autosport John Andretti
86%
2004-2006 30th (2006) 22nd (2004) 3 Houston, Texas AJ Foyt Enterprises Larry Foyt
86%
2006-2023 2nd (2006) 1st (2020) 18 Nazareth, Pennsylvania Andretti Green, Andretti Autosport, Andretti Autosport with Yarrow, Andretti Autosport with Curb-Agajanian, Andretti-Herta-Haupert Autosport with Curb-Agajanian Marco Andretti
86%
1965-1994 1st (1969) 1st (1966-1967, 1987 30 (Montona) Italy, now Motovun, Croatia Dean Van Lines Racing Division, Andretti Racing Enterprises, STP Corporation (Andy Granatelli), Vel's Parnelli Jones Racing, Penske Racing, Patrick Racing, Newman/Haas Racing, Mario Andretti
86%
1984-1992, 1994-1995, 2001-2003, 2006-2007 2nd (1991) 3rd (1986) 15 Bethlehem, Pennsylvania Kraco, Newman/Haas, Ganassi, Newman/Haas, Team Green, Andretti Green Michael Andretti
86%
1983-1994, 2000-2007 1st (1992, 1994) 1st (1994) 20 Albuquerque, New Mexico Galles Racing, Shierson Racing, Galles, Galles/Kraco Racing, Team Penske, Galles, Kelley Racing, Patrick Racing, Dreyer Reinbold, AJ Foyt Enterprises Al Unser Jr
79%
1965-1968, 1970-1993 1st (1970, 1971, 1978, 1987) 1st (1970) 28 Albuquerque, New Mexico Ansted-Thompson Racing, STP Corporation, Mecom Racing Enterprises, Retzloff Racing Team, Vel's Parnelli Jones Racing, Chaparral Racing, Longhorn Racing, Penske Racing, Granatelli, Porsche, Haas/Hall, Team Menard, King Racing Al Unser Sr
79%
1963-1981 1st (1968, 1975, 1981) 1st (1972, 1981) 19 Colorado Springs, Colorado Fletcher Racing, All American Racers, Team Penske Bobby Unser
79%
1958 31st (1958 23rd (1958) 1 Colorado Springs, Colorado Roy McKay Jerry Unser
79%
1996-2000 18th (1997) 16th (1996) 5 Long Beach, California Project Indy, Hemelgarn Racing, Indy Regency Racing Johnny Unser
79%
1982-1992, 1994-1995 1st (1986) 2nd (1987) 13 Medina, Ohio Truesports, Kraco, Galles/Kraco, Rahal/Hogan Bobby Rahal
71%
2005-2011, 2018 3rd (2009) 4th (2005) 8 Roscoe, Illinois Rahal Letterman Racing, Andretti Green, Andretti Autosport, ECR Danica Patrick
71%
2004-2023 2nd (2018) 1st (2013, 2014, 2018) 20 Paris, Illinois Team Cheever, Vision Racing, Panther Racing, Sarah Fisher Racing, Ed Carpenter Racing Ed Carpenter
71%
2008-2022 3rd (2011, 2020) 4th (2009) 15 New Albany, Ohio Newman/Haas/Lanigan Racing, Rahal Letterman Racing, Chip Ganassi Racing, Rahal Letterman Lanigan Racing Graham Rahal
71%
1978-1992 1st (1979, 1984, 1988, 1991) 1st (1979, 1982,1986, 1988-1989, 1991) 15 Wichita, Kansas Team Penske Rick Mears
71%
1982-1983 28th (1983) 8th (1983) 2 Wichita, Kansas Machinists Union Roger Mears
71%
2003-2023 1st (2008) 1st (2008,2015, 2017,2021-2022) 21 Brisbane, Australia/Auckland New Zealand Chip Ganassi Racing Scott Dixon
71%
1995 2nd (1995) 27th (1995) 1 Sao Paulo, Brazil Walker Racing Christian Fittipaldi
64%
1984-1994 1st (1989, 1993) 1st (1990) 11 Sao Paulo, Brazil WIT, Patrick Racing, Team Penske Emerson Fittipaldi
64%
2001-2023 1st (2001, 2002 (not really) 2009, 2021)) 1st (2003, 2007, 2009-2010) 23 Sao Paulo, Brazil Team Penske, Meyer Shank Racing Helio Castroneves
64%
2021, 2024 25th (2021) 13th (2021) 2 Miami, Florida Rahal-Letterman Racing, Dale Coyne Racing Pietro Fittipaldi
64%
2002-2023 1st (2013) 1st (2005) 22 Salvador, Brazil Mo Nunn Racing, Andretti Green Racing, Andretti Autosport, KV Racing Technology, Chip Ganassi Racing (CGR), AJ Foyt Enterprises, CGR Tony Kanaan
64%
2008-2023 1st (2018) 2nd (2010, 2015) 16 Toowoomba, Australia KV Racing Technology, Team Penske Will Power
64%
2016-2022 1st(2016) 3rd (2017) 7 Nevada City, California Andretti-Herta Auto Sport with Curb AgajanianAndretti Autosport Alexander Rossi
57%
1985-1999, 2001-2002 1st (1990, 1997) 1st (1993, 1997,1999) 17 Sommelsdijk, Netherlands Provimi Veal Racing, Hemelgarn Racing, Dick Simon Racing, Doug Shierson Racing, Vince Granatelli Racing, Chip Ganassi Racing, Indy Regency Racing, Team Menard, Byrd-Treadway Racing, Treadway Racing, Arie Luyendyk
57%
2006 28th (2006) 31st (2006) 1 s'Hertogenbosch, Netherlands Luyendyk Racing Arie Luyendyk Jr
57%
1977 21st (1977) 33rd (1977) 1 Danville, Illinois Bobby Hillin Bubby Jones
57%
2003-2011 1st (2005, 2011) 2nd (2004, 2008) 9 Emberton, England Andretti Green Racing, Chip Ganassi Racing, Panther Racing, Bryan Herta Autosport Dan Wheldon
57%
2002-2007, 2009-2013 1st (2007, 2010, 2012) 3rd (2004,2007, 2009-2010 11 Bathgate, Scotland Team Green, Andretti Green, Chip Ganassi Racing Dario Franchitti
57%
1987, 1989, 1993, 1995-1996 2nd (1996) 2nd (1996) 5 Chicago, Illinois AJ Foyt Enterprises, Euromotorsport, Dick Simon Racing, Galles Racing Davy Jones
57%
1990-2002, 2006 1st (1998) 2nd (1992) 14 Phoenix, Arizona Chip Ganassi Racing, Team Menard, AJ Foyt Enterprises, Team Menard, Team Cheever, Cheever Racing Eddie Cheever
57%
2017-2019, 2021 3rd (2017) 4th (2019) 4 Dubai, UAE Dale Coyne Racing, Chip Ganassi Racing, Scuderia Corse, DCR Ed Jones
57%
1994-1995, 2014 1st (1995) 4th (1994) 3 Saint Jean Sur-Richelieu, Quebec Forsythe/Green Racing, Team Green, Schmidt Peterson Motorsports Jacques Villeneuve
57%
1989 11th (1989) 1 Thunder Bay, Ontario Protofab Racing John Jones
57%
2012-2023 1st (2023) 2nd (2016) 12 Hendersonville, Tennessee Sarah Fisher Hartman Racing, CFH, Ed Carpenter Racing, Team Penske Josef Newgarden
57%
2000, 2014-2017, 2021-2022 1st (2000, 2015) 2nd (2000) 7 Bogota Colombia Chip Ganassi Racing, Team Penske, Arrow McLaren SP Juan Pablo Montoya
57%
1961-1967 1st (1963) 1st (1962, 1963) 7 Texarkana, Arkansas J.C. Agajanian, Andy Granatelli Parnelli Jones
57%
2011, 2013-2017, 2019 17th (2017) 22nd (2014) 7 London, England Conquest Racing, Dale Coyne Racing, Clauson-Marshall Racing Pippa Mann
57%
2004-2006 19th (2006) 31st (2004) 2 Torrance, California Curb/Agajanian/Beck Motorsports PJ Jones
57%
1993-1995, 1997, 1999-2004 4th (1999) 3rd (2001, 2003) 10 Los Angeles, California AJ Foyt Enterprises, Walker Racing, SABCO, Team Menard, Foyt/Childress, Menard/Childress, Andretti Green, Robby Gordon Motorsports Robby Gordon
57%
2000-2004, 2007-2010 17th (2009) 9th (2002) 9 Columbus, Ohio Walker Racing, Walker Racing, Dreyer Reinbold, Kelley Racing, Sarah Fisher Racing Sarah Fisher
57%
2010-2023 1st (2017, 2020) 3rd (2020) 14 Tokyo, Japan KV Racing Technology, Rahal Letterman Lanigan Racing, AJ Foyt Enterprises, Andretti Autosport, Rahal Letterman Lanigan Racing, Dale Coyne Racing Takuma Sato
57%
1935-1941, 1946-1948 2nd (1936) 1st (1947) 10 Cincinnati, Ohio Harry Miller, Harry Hartz, Mike Boyle (Boyle Racing Headquarters), Art Sparks, Mike Boyle, Bennett Brothers (Cotton Henning) H.C. Henning Ted Horn
57%
2020-2023 2nd (2021) 2nd (2022) 4 Sant Antoni de Vilamajor, Spain Dale Coyne Racing, Chip Ganassi Racing Alex Palou
50%
1951-1955 1st (1953, 1954) 1st (1953) 5 Fresno, California Salemi, Keck, Hopkins Bill Vukovich
50%
1968-1977, 1979-1980 2nd (1973) 8th (1975) 12 Riverside, California J.C. Agajanian, Jerry O'Connell, Robert Fletcher, Alex Morales, Gilmore Racing, Ralph Wilke Bill Vukovich II
50%
1988-1990 13th (1989) 23rd (1988) 3 Fresno, California Gohr Racing, Hemelgarn Racing Billy Vukovich III
50%
1965, 1969 7th (1965) 22nd (1965) 2 Miami, Florida Team Lotus, J.C. Agajanian Bobby Johns
50%
1994-1995, 2004-2006 3rd (2005) 16th (2006) 5 Warren, Michigan AJ Foyt Enterprises, Chip Ganassi Racing, Andretti-Green Racing Bryan Herta
50%
1995 33rd (1995) 29th (1995) 1 Mexico City, Mexico Dick Simon Racing Carlos Guerrero
50%
2019-2023 8th (2020) 2nd (2021) 5 Santa Clarita, California Harding Steinbrenner Racing, AHSA, Andretti Autosport Colton Herta
50%
1996-2001, 2007-2011 4th (1998) 8th (1997, 1998) 11 Nampa, Idaho AJ Foyt Enterprises, Nienhouse Racing, Barnhart Motorsports, TeamXtreme, Sam Schmidt Motorsports, Vision Racing, Dreyer Reinbold, De Ferran/Dragon Racing, DRR Davey Hamilton
50%
1961-1963 14th (1962, 1963) 19th (1961) 3 Houston, Texas Racing Associates, Ansted-Thompson Racing Ebb Rose
50%
1952, 1955-1966 7th (1966 also as a sub in 1953 ) 7th (1960) 13 Richmond, Virginia Pete Salemi, Lee Elkins, Pete Salemi, H.A. Chapman, J.S. Donaldson, Jim Robbins, John Chalik, M&W Racing, Mickey Thompson, Harry Allen Chapman, Tassi Vatis Eddie Johnson
50%
2017, 2020 21st (2020) 5th (2017) 2 Oviedo, Spain McLaren-Honda-Andretti, Arrow-McLaren SP Fernando Alonso
50%
1965-1984, 1987, 1989, 1991-1992 1st (1973, 1982) 2nd (1975, 1976) 24 Hastings, Michigan Weinberger & Welseck Enterprises, Johncock Racing Team, Vollstedt Enterprise, Team McLaren, Patrick Racing, Hemelgarn Racing Gordon Johncock
50%
1997-2004 8th (2003) 1st (2000) 8 Dallas, Texas Knapp Motorsports, Team Menard, AJ Foyt Enterprises, Access Motorsports Greg Ray
50%
1982, 1984 8th (1984) 9th (1984) 2 Eau Claire, Wisconsin John Menard Herm Johnson
50%
1966-1967 6th (1966) 11th (1966) 2 Milton, Scotland John Mecom Jackie Stewart
50%
1997-2002, 2005 2nd (1999) 6th (2000) 7 Glasgow, Scotland Cheever, Team Tabasco, Pagan Racing, AJ Foyt Enterprises, Heritage Racing, Chip Ganassi Racing, Vision Racing Jeff Ward
50%
1963-1967 1st (1965) 1st (1964) 5 Kilmany, Scotland Team Lotus, STP Gas Treatment, Team Lotus Jim Clark
50%
2022 28th (2022) 12th (2022) 1 El Cajon, California Chip Ganassi Racing Jimmie Johnson
50%
1963-1965, 1967-1982, 1984-1988 1st (1974, 1976, 1980) 1st (1973, 1976, 1980) 24 Coffeyville, Kansas Ed Kostenuk, Racing Associates, W&W Enterprises, Alan Green, Michner Petroleum, Michner-Patrick Racing, McLaren Intl, Chaparral Racing, AJ Foyt Enterprises, Alex Morales Racing, King Racing Johnny Rutherford
50%
1958-1959 8th (1958) 19th (1958, 1959) 2 Grand Prairie, Texas John Zink, George Bignotti Jud Larson
50%
2024 18th (2024) 5th (2024) 1 Elk Grove, California Arrow Mclaren with Rick Hendrick Kyle Larson
50%
2019-2022 1st (2022) 5th (2022) 4 Kumla, Sweden Arrow Schmidt Peterson, Chip Ganassi Racing Marcus Ericsson
50%
1933-1941, 1946-1951 1st (1941, 1947, 1948) 1st (1941) 15 Columbus, Ohio Joe Marks, Leon Duray, FWD, Lou Moore, Boyle Racing, Wilbur Shaw, Lou Moore, Joe Lencki, Lou Moore, Howard Keck Mauri Rose
50%
2020-2023 4th (2021) 5th (2023) 3 Monterrey, Mexico Arrow McLaren SP Pato O'Ward
50%
2020-2023 8th (2021) 2nd (2023) 4 Hoofddorp, Netherlands Ed Carpenter Racing Rinus Van Kalmthout
50%
1984-1999 2nd (1984, 1987) 1st (1992) 16 Medellin, Columbia Bignotti-Cotter Racing, Team Cotter, Vince Granatelli Racing, Patrick Racing, King Racing, Pagan Racing, Cobb Racing, Roberto Guerrero
50%
1951-1964, 1966 1st (1959, 1962) 2nd (1962) 15 Beloit, Kansas Bromme, Federal Auto Associates, M.A. Walker, Dr. Sabourin, Aristo Blue, Ed Walsh, Roger Wolcott, Bob Wilke, John Mecom Rodger Ward
50%
2008-2021, 2023 1st (2014) 3rd (2016) 15 Dallas, Texas/Boca Raton, Florida Rahal/Letterman Racing, Vision Racing, Andretti Autosport, (AJ Foyt Enterprises after his own Andretti entry failed to qualify) Ryan Hunter-Reay
50%
2021-2023 14th (2023) 17th (2021) 3 Hamilton, New Zealand Team Penske Scott McLaughlin
50%
2012-2023 1st (2019) 1st (2019) 12 Montmorillon, France Schmidt-Hamilton HP Motorsports, Schmidt-Peterson, Team Penske, Meyer Shank Racing Simon Pagenaud
50%
1996-1999, 2001 5th (1997) 1st (1996) 5 Columbus, Indiana Team Menard, Tri Star, Chip Ganassi Racing Tony Stewart
50%
1974 13th (1974) 20th (1974) 1 Hermosa Beach, California American Kid Racers (Richard Beith) Bill Simpson
43%
1973,1975 25th (1975) 12th (1973) 2 Miami, Florida Penske Racing Bobby Allison
43%
2022-2023 12th (2023) 19th (2022) 2 Cambridge, England Juncos-Hollinger Racing Callum Ilott
43%
1982-1986 8th (1983) 11th (1982) 5 Pittsburgh, Pennsylvania Rhoades Racing, Patrick Racing, AJ Foyt Enterprises, Machinists Union Racing Chip Ganassi
43%
1982, 1984-1993, 1995 1st (1985) 2nd (1986, 1988) 12 Louisville, Kentucky Forsythe Racing, Shierson Racing, Team Penske, Patrick Racing/Alfa Romeo, Galles/Kraco Racing, Galles Racing, PacWest Racing Danny Sullivan
43%
2022-2023 16th (2022) 13th(2022) 2 Chicago, Illinois Dale Coyne Racing David Malukas
43%
1958, 1960, 1961, 1963 11th (1963) 30th (1963) 4 Los Angeles, California Bob Sorenson, J.S. Donaldson, Lysle Greenman, Gordon Van Liew Dempsey Wilson
43%
1950, 1956-1964 5th (1956) 1st (1958) 9 Los Angeles, California A.J. Watson, Lee Elkins, Jim Robbins, H.A. Chapman Dick Rathmann
43%
2024 12th (2024) 24th (2024) 1 Copenhagen, Denmark Ed Carpenter Racing Christian Rasmussen
43%
2024 30th (2024) 16th (2024) 1 Christchurch, New Zealand Chip Ganassi Racing Marcus Armstrong
43%
1970-1971 4th (1970 20th (1970, 1971) 2 Miami, Florida Foyt-Greer Racing Donnie Allison
43%
1975, 1977, 1979 13th (1977) 32nd (1975, 1977) 3 Edmonton, Alberta "Rascar" (Chassis) E.... R........ Eldon Rasmussen
43%
2019-2023 4th (2022) 8th (2022) 5 Varnamo, Sweden Chip Ganassi Racing, Arrow McLaren SP Felix Rosenqvist
43%
1995, 2001-2003 1st (2003) 5th (2001) 4 Paris, France/Brazil Hall/VDS Racing, Team Penske Gil De Ferran
43%
1949-1950, 1952-1963 1st (1960) 2nd (1956, 1960) 14 Alhambra, California John Lorenz, Grancor Auto, Ernest Ruiz, Bardahl, Belond Miracle Power, Lindsey Hopkins, Ken-Paul, Simoniz, Smokey Yunick, Lindsey Hopkins Jim Rathmann
43%
1949-1958 1st (1950) 5th (1950) 10 Los Angeles, California Kurtis Kraft, Ed Walsh, Jim Robbins, Belond, Trio Brass Foundry, J.C. Agajanian, Chapman Root, Fred Gerhardt Johnnie Parsons
43%
1964 4th (1964) 21st (1964) 1 Warren, Michigan Norm Demler Johnny White
43%
2011-2022 2nd(2011) 6th (2017) 12 Sausalito, California Panther Racing, Ed Carpenter Racing (ECR), CFH, ECR, Dreyer Reinbold Racing, AJ Foyt Enterprises JR Hildebrand
43%
2008-2015 5th (2013) 6th (2015) 8 Moorgate, England Newman/Haas/Lanigan Racing, Dale Coyne Racing, Dreyer Reinbold, Dale Coyne Racing, Andretti Autosport Justin Wilson
43%
1997-1999, 2002-2003, 2005 1st (1999) 3rd (1998) 6 Arvika, Sweden Galles Racing, AJ Foyt Enterprises, Chip Ganassi Racing, Team Rahal, Rahal Lanigan Racing Kenny Brack
43%
2024 21st (2024) 18th (2024) 1 Bridgetown, Barbados Chip Ganassi Racing Kyffin Simpson
43%
2022-2023 17th (2022) 28th (2022) 2 Jupiter, Florida A.J. Foyt Enterprises Kyle Kirkwood
43%
1969-1973 1st (1972) 2nd (1971) 5 Haddon Township, New Jersey Penske Racing Mark Donohue
43%
2008-2009, 2011-2019 4th (2012) 3rd (2011) 11 Pals, Spain KV Racing Technology, Rahal Letterman Racing, Newman/Haas Racing, Panther/Dreyer Reinbold, RLL, Marotti Racing, RLL, Scuderia Corse, Motogator Team Strange Racing Oriol Servia
43%
1992-1995, 2002, 2009, 2011 2nd** 7th (1993) 7 Scarborough, Ontario Team Penske, Newman/Haas, Team Green, KV, Dreyer and Reinbold Racing Paul Tracy
43%
1969-1973 2nd (1971) 1st (1971) 5 New York City, New York Repco Brabham (Jack B......, McLaren Cars (Bruce McLaren) Peter Revson
43%
2022-2023 30th (2023) 9th (2022) 2 Geneva, Switzerland Andretti Autosport Roman Grosjean
43%
2000-2007 1st (2006) 1st (2006) 8 Defiance, Ohio PDM Racing, Panther Racing, Marlboro Team Penske, Team Penske Sam Hornish Jr
43%
1997-1999 26th (1998) 6th (1998) 3 Lincoln, Nebraska Blueprint Racing, LP Racing, Treadway Racing Sam Schmidt
43%
2019-2023 3rd (2023) 4th (2023) 5 Woodbury, Connecticut Dale Coyne Racing, Rahal Lanigan Racing, Dreyer-Reinbold Racing Santino Ferrucci
43%
1981, 1983-1995(Note after qualifying on the pole in 1996, he was fatally injured in a practice crash) 6th (1989) 1st (1995, 1996) 14 Coldwater, Michigan Brayton Racing, Hemelgarn Racing, Dick Simon Racing, Team Menard Scott Brayton
43%
2005, 2012-2016, 2018-2019, 2021 7th (2014) 5th (2018) 9 Le Mans, France Newman/Haas, Dragon Racing, KV Racing Technologies, Dale Coyne Racing, AJ Foyt Enterprises Sebastian Bourdais
43%
2016, 2018, 2021-2022 15th (2018) 23rd (2018) 4 Sheffield, England Dale Coyne Racing, KVSH Racing, Andretti Autosport Stefan Wilson
43%
2002-2011 4th (2003) 10th (2002, 2004, 2007) 10 Monte Carlo, Monaco Team Cheever, Chip Ganassi Racing, Panther Racing, Vision Racing, Luzco Dragon Racing, Dale Coyne Racing, Dreyer Reinbold Racing, SH Racing/KVRT Tomas Scheckter
43%
1949-1954, 1956-1957, 1960-1964 1st (1952) 3rd (1957) 13 Mooreland, Oklahoma Ray Carter, Bowes Racing Inc., J.C. Agajanian, Eugene A. Casaroll, Novi Racing, John Zink, Jim Robbins, George Walther Troy Ruttman
43%
2023 26th (2023) 27th (2023) 1 Arreciles, Argentina Juncos-Hollinger Racing Augustin Canapino
36%
1951, 1952 5th (1951) 17th (1952) 2 Phoenix, Arizona McDaniel, Ansted Bobby Ball
36%
1981 19th (1981) 13th (1981) 1 Minneapolis, Minnesota Fletcher Racing Bob Lazier
36%
1952-1956 1st (1955) 9th (1954) 5 Los Angeles, California Lee Elkins, A.E. Dean, Lutes, John Zink, Racing Associates Bob Sweikert
36%
1991-1992, 1995-2008, 2013-2014, 2016-2017 1st (1996) 5th (1996) 20 Denver, ColoradoUnited States Hemelgarn Racing, Leader Card Racing, Hemelgarn Racing, Team Menard, Hemelgarn Racing, Dreyer & Reinbold Racing, Panther Racing, Dreyer & Reinbold Racing, Sam Schmidt Motorsports, Hemelgarn-Johnson Racing, L..... Partners Racing Buddy Lazier
36%
2003-2008, 2011 1st (2004) 1st (2004) 7 Phoenix, Arizona Cheever, Rahal Letterman, Dreyer Reinbold, Panther Buddy Rice
36%
1950-1951 4th (1950) 10th (1951) 2 Dallas, Texas John Zink (M.A. Walker) Cecil Green
36%
2011-2020 3rd(2015) 14th (2012, 2015) 10 Chertsey, England/Camarillo California Chip Ganassi Racing, Carlin, AJ Foyt Enterprises Charlie Kimball
36%
2022 18th (2022) 31st (2022) 1 Hedensted, Denmark Rahal Letterman Lanigan Racing Christian Lundgaard
36%
2013,2015-2023 6th (2022) 11th (2019) 10 Noblesville, Indiana AJ Foyt Enterprises, Schmidt Peterson Motorsports, Dale Coyne Racing, AFE, DCR, Andretti Autosport, Ed Carpenter Rarcing Conor Daly
36%
1990 17th (1990) 24th (1990) 1 Palo Alto, California Dale Coyne Racing Dean Hall
36%
1983-1985, 1987-1989 12th (1985) 6 Dublin, Ireland Wysard Racing, Provimi Racing, Pace Racing, Raynor Motorsports Derek Daly
36%
1970-1980, 1983-1988 6th (1987) 6th (1987) 17 Sandy, Utah Racing International, DSR, Vollstedt Enterprises, D...S....Racing Dick Simon
36%
1968-1978, 1980-1982, 1986-1987, 1989-1993 3rd (1980) 4th (1972) 21 Tinley Park, Illinois Don Gerhardt, Fred Gerhardt, Roger Penske Enterprises, Penske Racing, J.C. Agajanian, Armstrong-Mould, Leader Card Racers, Gohr Racing, Mann Motorsports, Team Menard, B.......... Motorsports Gary Bettenhausen
36%
1966-1968 1st (1966) 2nd (1968) 3 London, England John Mecom/STP Oil Treatment Graham Hill
36%
2000-2001, 2003-2007 13th (2000) 17th (2001) 7 Denver, Colorado Truscelli Racing Team, Team Xtreme, Team Menard, Robby Gordon Motorsports, Playa Del Racing, Jacques Lazier
36%
2011-2014, 2016-2017, 2019-2021 6th (2012) 1st (2016) 9 North York, Ontario Newman/Haas Racing, Andretti Autosport, Schmidt Peterson Motorsports, Andretti ( James Hinchcliffe
36%
1952-1960 1st (1958) 3rd (1954) 9 Phoenix, Arizona Schmidt, McDaniel, Al Dean, George Salih, Jimmy Bryan
36%
2019 24th (2019) 26th (2019) 1 Harbury, England Rahal Letterman Lanigan Racing Jordan King
36%
2014 6th (2014) 26th (2014) 1 Las Vegas, Nevada Andretti Autosport Kurt Busch
36%
1978-1979 11th (1978) 23rd (1979) 2 Crawfordsville Indiana Patrick Santello Larry Rice
36%
1948-1951 1st (1951) 2nd (1951) 4 Schenectady, New York John Iddings, IRC Maserati, Lou Moore, Belanger Lee Wallard
36%
2009-2010, 2012 18th (2009) 15th (2010) 3 London, England Dreyer Reinbold, AJ Foyt Enterprises Mike Conway
36%
1968-1981, 1983 3rd (1979) 2nd (1981, 1983) 15 Oklahoma City, Oklahoma Ralph Wilke Mike Mosley
36%
1993-1994 3rd (1993) 7th (1994) 2 Upton, England Newman-Haas Racing Nigel Mansell
36%
1961, 1964 10th (1961) 31st (1964) 2 San Francisco, California Federal Engineering, Pope-H... Enterprises Norm Hall
36%
1950, 1953, 1955-1956, 1959 1st (1956) 1st (1956) 5 Glendale, California Grancor Auto, Schmidt, Dunn Engineering, John Zink, Pat Flaherty
36%
1987-1991 14th (1990, 1991) 11th (1988, 1989) 5 Charlotte, North Carolina Leader Card Racing, Dick Simon Racing, Arciero Racing, Dale Coyne Racing Randy Lewis
36%
2018 9th (2018) 18th (2018) 1 Guelph, Ontario Schmidt Peterson Motorsports Robert Wickens
36%
2005, 2007-2015 5th (2007, 2012) 1st (2012) 10 Sydney, Australia Chip Ganassi Racing, Luzco-Dragon Racing, Team Penske, CGR, Schmidt Peterson Motorsports Ryan Briscoe
36%
1940-1941, 1946, 1948-1957 1st (1957) 3rd (1946) 13 Columbus, OhioUnited States Leon Duray, Ed Walsh, Gordon Schroeder, Robert Flavell, Milt Marion, Peter Schmidt, Ed Walsh, Jones & Maley, George Salih Sam Hanks
36%
2010-2013, 2015, 2021 14th (2010) 19th (2015) 6 Thun, Switzerland HVM Racing, Lotus-HVM Racing, KV Racing Technology, Andretti Autosport, Paretta Autosport Simona de Silvestro
36%
1983-1984, 1988-1990, 1993-1995 7th (1994) 1st (1983) 8 Milan, Italy Forsythe Racing, Porsche Motorsports, Hall/VDS Racing, Hall Racing, Forsythe Racing Teo Fabi
36%
1946-1948, 1950-1960 2nd (1955) 2nd (1955) 14 Tinley Park, Illinois RJ McManus, Murrell Belanger, Lou Moore, Ansted, Slick, J.C. Agajanian, Mel Wiggers, Chapman, Murrell Belanger, Novi Racing Corp., Cars Inc., John Wills, Lindsey Hopkins Tony Bettenhausen
36%
1981-1988, 1990-1991, 1993 7th (1981) 9th (1983) 11 Joliet, Illinois Provimi Racing, D.. G...../Mike Curb, T... B............. Tony Bettenhausen Jr
36%
2013 7th (2013) 5th (2013) 1 Los Gatos, California Team Penske AJ Allmendinger
29%
2009-2016 10th (2010) 1st (2011) 8 Lachenaie, Quebec Conquest Racing, FAZZT Racing Team, Sam Schmidt Motorsports, Barracuda, Sarah Fisher Hartman Racing, AJ Foyt Enterprises Alex Tagliani
29%
1947-1950, 1953 1st (1949) 2nd (1948) 5 Philadelphia, Pennsylvania Lou Moore, Crawford Bill Holland
29%
1996-2001 10th (1998) 9th (1996) 6 Denver, Colorado Bradley Motorsports Buzz Calkins
29%
1966-1967, 1971-1972 10th (1971) 14th (1971) 4 Timmonsville, South Carolina Jim Robbins, Vollstedt Enterprises, Gene White Co. Cale Yarborough
29%
2013-2018 2nd (2013, 2016) 2nd (2013) 6 Bogota, Colombia Andretti Autosport, AJ Foyt Enterprises, Andretti Autosport Carlos Munoz
29%
1930-1941, 1946, 1948, 1951-1952 3rd (1938) 3rd (1936) 16 Detroit, Michigan Thomas Mulligan, Buddy Marr, Fred Frame, Mike Boyle, Wharton-Dewart, M. Williams, Don Lee, Lewis Welch Chet Miller
29%
1962-1970 2nd (1968, 1969) 2nd (1967) 9 Port Jefferson, New York Mickey Thompson, Team Lotus, D.. G....., Oscar Olson, DG, Oscar Olson Dan Gurney
29%
2022-2023 13th (2023) 24th (2022) 2 Toronto, Ontario Andretti Autosport Devlin DeFrancesco
29%
1997-1999 20th (1997) 15th (1998) 1 Indianapolis, Indiana Arizona Motorsports, Sinden Racing Services, Tri-Star Motorsports Dr. Jack Miller
29%
1948-1955, 1959-1960, 1963 3rd (1953) 4th (1951) 11 Fresno, California Murrell Belanger, Ansted, Belanger, J.C. Agajanian, Smokey Yunick, Ansted Thompson Racing, Mickey Thompson Duane Carter
29%
1995-2001 3rd (2000) 3rd (1996, 2000) 7 Santiago, Chile Dick Simon Racing, Team Scandia, Nienhouse Racing, AJ Foyt Racing Eliseo Salazar
29%
2002 17th (2002) 32nd (2002) 1 Hollywood, California 310 Racing George Mack
29%
2017-2023 9th (2020) 20th (2020, 2021) 7 Bassingham, England Meyer Shank Racing, Rahal Letterman Lanigan Racing Jack Harvey
29%
1965-1968, 1970, 1972-1976 7th (1970) 10th (1966) 10 Seattle, Washington Kjell Qvale, John Klug, Friedkin Enterprises, J.... G...., Oscar Olson, Robert Fletcher, Fred Carrillo, Jerry Grant
29%
1977-1980, 1982 10th (1977) 5th (1980) 5 Spokane, Washington Spirit of American Racers, Fred Ruth, Warner Hodgdon, Sherman Armstrong, Dynamics Inc. Jerry Sneva
29%
1967-1968 24(1967) 16th (1968) 2 Mainz, Germany/Austria D.. G....., Repco Brabham (J... B...... Jochen Rindt
29%
1965-1973 3rd (1967) 1st (1968) 9 San Diego, California STP-Granatelli Racing, Smokey Yunick, Vel's Parnelli Jones, Joe Leonard
29%
2001, 2007 27th (2001) 18th (2001) 2 Milwaukee, Wisconsin Tri-Star, Racing Professionals (lol,) Jon Herb
29%
1981-1991, 1993 2nd (1986) 2nd (1982) 12 Culver City, California Jerry O'Connell Racing, Team Penske, Bignotti-Cotter Racing, Team Curb All American Racers, Kraco Racing, Patrick Racing, Machinist Union Racing, Vince Granatelli Racing, Team Menard, Galles-Kraco Racing Kevin Cogan
29%
2024 28th (2024) 27th (2024) 1 Tyreso, Sweden Chip Ganassi Racing Linus Lundqivst
29%
2004 30th (2004) 14th (2004) 1 Wimbledon, England Panther Racing Mark Taylor
29%
2002, 2006 14th (2006) 18th (2002, 2006) 2 Como, Italy Team Cheever Max Papis
29%
2007-2009 19th (2008) 27th (2008) 3 Caracas, Venezuela SAMAX, Dreyer Reinbold, Dale Coyne Racing Milka Duno
29%
1993 32nd(1993) 13th (1992) 1 Rio de Janeiro, Brazil Team Menard Nelson Piquet
29%
2020 30th (2020) 21st (2020) 1 Melbourne, Florida Arrow McClaren SP Oliver Askew
29%
1974-1987, 1989-1991 4th (1975) 1st (1985) 17 Racine, Wisconsin Fletcher Racing, All-American Racers, Fletcher Racing, Alex Morales Motorsports, Galles Racing, Machinists Union Racing, Leader Card Racing, Arciero Racing Pancho Carter
29%
2002 29th (2002) 17th (2002) 1 Indianapolis, IndianaUnited States Treadway Racing Rick Treadway
29%
1990-1995, 1997-2001 2nd (1992, 1997) 3rd (1995) 11 Toronto, Ontario O'Donnell/Shierson Racing, O'Donnell Racing, Walker Racing, King Racing, Tasman Motorsports, Treadway Racing, Panther Racing, Team Cheever Scott Goodyear
29%
1994-2007, 2009 7th (2005) 1st (2001) 15 Norwalk, Connecticut PacWest Racing, AJ Foyt Enterprises, Kelley Racing, Fernandez Racing, Rahal Letterman Racing, Panther Racing Scott Sharp
29%
1974-1990, 1992 1st (1983) 1st (1977, 1978,1984) 18 Spokane, Washington Grant King Racers, Penske Racing, Jerry O'Connell Racing, Bignotti-Cotter Racing, Mayer Motor Racing, Curb All American Racers, Curb Racing, Hemelgarn Racing, Vince Granatelli Racing, Team Menard Tom Sneva
29%
2006, 2008-2016 4th (2009) 4th (2011, 2016) 10 San Francisco California Vision Racing, Dreyer Reinbold, KV Racing Technology, Sam Schmidt Motorsports, Panther Racing, KV, DR, Andretti Autosport Townsend Bell
29%
1994-1995, 2004-2005 7th (2004) 6th (2004) 4 Mexico City, Mexico Galles Racing, Aguri-Fernandez Racing Adrian Fernandez
21%
1997 32nd (1997) 14th (1997) 1 Santos, Brazil Chitwood Motorsports Affonso Giaffone
21%
2000-2003, 2006 8th (2001) 21st (2000) 5 Bauru, Brazil Team Xtreme, AJ Foyt Enterprises, Sam Schmidt Motorsports Airton Dare
21%
1952 31st (1952) 19th (1952) 1 Milan, Italy Ferrari Alberto Ascari
21%
2002-2005, 2007 4th (2002) 22nd (2005) 5 San Diego, California Blair Racing, Mo Nunn Racing, Team Cheever, Curb/Agajanian/Beck Motorsports Alex Barron
21%
2023 21st (2023) 11th (2023) 1 Copenhagen, Denmark AJ Foyt Racing Benjamin Pedersen
21%
1996-2003 3rd (1999) 1st (1998) 8 Phoenix, ArizonaUnited States AJ Foyt Enterprises, Curb/Agajanian/Beck, Agajanian/Boat Racing, Panther Racing Billy Boat
21%
1965-1966 17th (1965) 6th (1964) 2 Victoria, Canada Vollstedt Billy Foster
21%
1997-1998 22nd (1997) 24th (1997) 2 Indianapolis, Indiana EuroInternational, Team Scandia Billy Roe
21%
2001-2002, 2004-2005, 2008-2011 5th (2001, 2004) 1st (2002) 8 Belo Horizonte, Brazil Chip Ganassi Racing, Newman/Haas Racing, Dale Coyne Racing, Conquest Racing, FAZZT Racing Team, AJ Foyt Enterprises Bruno Junqueira
21%
2012, 2015-2016 23rd (2016) 28th (2016) 3 Carmichael California Sarah Fisher Hartman Racing, Jonathan Byrd Racing Bryan Clauson
21%
1977 30th (1977) 29th (1977) 1 Mendrisio, Switzerland Theodore Racing Clay Regazzoni
21%
1977-1986, 1996 4th (1979) 2nd (1978) 11 Kahului, Hawaii Interscope Racing, March, Team Penske, Team Menard, Team Pelfrey Danny Ongais
21%
1971, 1973-1974, 1976 5th (1974) 9th (1974) 4 Royal Leamington Spa, England Penske Racing (Roger Penske), Roy Woods, Team McLaren (Bruce McLaren), George Walther David Hobbs
21%
1961-1962 4th (1962) 12th (1962) 2 Tucson, Arizona Dart-Kart, Racing Associates Don Davis
21%
1957-1964 2nd (1961) 1st (1960, 1961) 8 Allentown, Pennsylvania Peter Schmidt, Al Dean, DVS Inc. Eddie Sachs
21%
2008-2013 18th (2012, 2013) 4th (2013) 6 Caracas, Venezuela HVM Racing, KV Racing Technology, Andretti Autosport with HVM Racing EJ Viso
21%
1957, 1962-1963 17th (1962) 9th (1957) 3 Hockerville, Oklahoma Ernest Ruiz, Mary Hulman-G....., Elmer George
21%
2001-2006 3rd (2002) 4th (2002) 6 Sao Paulo, Brazil Mo Nunn Racing, Dreyer Reinbold Racing, AJ Foyt Enterprises Felipe Giaffone
21%
1981-1987, 1990-1991, 1993 4th (1983) 8th (1984) 10 Sydney, Australia Kraco Racing, Bignotti Cotter, Team VDS, Kraco, Galles Racing, Truesports, Team Menard Geoff Brabham
21%
1969-1971, 15th (1971) 21st (1970) 3 Phoenix, ArizonaUnited States GF, STP Racing, Grant King George Follmer
21%
1980-1981 22nd (1981) 8th (1981) 2 Omaha, Nebraska Patrick Racing Gordon Smiley
21%
2008-2010 7th (2008) 9th (2008, 2010) 3 Tokyo, Japan Andretti-Green, Newman/Haas Hideki Mutoh
21%
1991, 1993-1996 10th (1995) 5 Nishinomiya, Japan Dick Simon Racing, Walker Racing, DSR, Arciero-Wells Racing Hiro Matsushita
21%
1961, 1964, 1969-1970 9th (1961) 13th (1961) 4 Hurstville, Australia Surbiton, John Zink, J...B...... Jack Brabham
21%
1956-1959, 1961-1962 11th (1957) 10th (1958) 5 Seattle, Washington Ernest Ruiz, Pat Clancy, Hart Fullerton, Ernest Ruiz, Fred Gerhardt Jack Turner
21%
2012 33rd (2012) 33rd (2012) 1 Avignon, France Fan Force United Jean Alesi
21%
1946-1950 2nd (1946) 4th (1948) 5 Indianapolis, Indiana Jim Hussey, Howard Keck, Cummins Engines Jimmy Jackson
21%
1992-1995, 2000-2003 4th (1994, 2001) 7th (2000) 8 Canoga Park, California Hayhoe Racing, Chip Ganassi Racing, Rahal Letterman Racing Jimmy Vasser
21%
1951-1952 13th (1952) 16th (1952) 2 Saucier, Mississippi Bob Estes, Lewis Welsh Joe James
21%
1972-1976 8th (1973) 14th (1972) 5 Long Beach, California Automotive Technology, Agajanian-Hammond-King John Martin
21%
1996 29th (1996) 29th (1996) 1 Poughkeepsie, New York Byrd/Cunningham Racing Johnny O'Connell
21%
1985, 1990-1992, 1994, 1996, 1998 7th (1998) 16th (1998) 7 Muncie, Indiana AMI Racing, Mann Motorsports, Mann Development, ProFormance Motorsports, PDM Racing, Team Pelfrey John Paul Jr
21%
1981-1987 10th (1984) 6th (1981) 7 Mexico City, Mexico Garza Racing, Machinists Union Racing Josele Garza
21%
2012-2023 22nd (2012) 30th (2012, 2023) 3 Guildford, England Dragon Racing, Schmidt Peterson Motorsports. Rahal Letterman Racing Katherine Legge
21%
1960-1977 3rd (1964) 5th (1966, 1968) 18 Wichita Falls, Texas J.C. Agajanian, Lindsey Hopkins, Ansted-Thompson Racing, John Zink, Bill Forbes Racing, David McManus, D.. G....., Gene White, Commander Racing Team, Unlimited Racing, Mike Devin, Lloyd Ruby
21%
2008-2010 18th (2008) 7th (2009) 3 Sao Paulo, Brazil Dale Coyne Racing, KV Racing Mario Moraes
21%
1965 23rd (1965) 31st (1965) 1 Kansas City, Missouri George Bryant Masten Gregory
21%
2016 22nd (2016) 27th (2016) 1 Boca Raton Florida/Australia Pirtek Team Murray Matthew Brabham
21%
2016-2018, 2020-2021 4th (2017) 15th (2017) 5 Redhill, England Chip Ganassi Racing, Carlin Max Chilton
21%
2014, 2016-2017 13th (2017) 7th (2016) 3 Moscow, Russia Schmidt Peterson Motorsports Mikhail Aleshin
21%
2005 21st (2005) 25th (2005) 1 LaSalle, Quebec Cheever Racing Patrick Carpentier
21%
1985-1986, 1988-1990, 1992-1995, 1998-2002 3rd (1989) 2nd (1994) 13 Curitiba, Brazil Dick Simon Racing, Shierson Racing, Truesports, Dick Simon Racing, Rahal-Hogan Racing, McCormack Racing, Brant Racing, Treadway Vortex Cunningham RAcing, Team Menard Raul Boesel
21%
1996-2003 6th (1999) 2nd (2002) 8 Detroit, Michigan Beck Motorsports, Team Menard, AJ Foyt Enterprises, Dreyer and Reinbold Racing Robbie Buhl
21%
1986, 1999, 2007 19th (1986) 23rd (1999) 3 Rio de Janeiro, Brazil Galles Racing, Truscelli Racing, Chastain Motorsports Roberto Moreno
21%
1961-1963, 1965-1979 3rd (1973) 4th (1970) 17 Tucson, Arizona Racing Associates, Fred Sclavi, Bruce Homeyer, All-American Racers, Lindsey-Hopkins, AJ Foyt Enterprises, Hayhoe Racing, Lindsey-Hopkins, Hodgdon Racing, Roger McCluskey
21%
2014-2022 7th (2021) 21st (2017) 9 Nazareth, Pennsylvania Dreyer Reinbold Racing, Chip Ganassi Racing, Dreyer Reinbold Racing Sage Karam
21%
1972-1976, 1978-1979 9th (1976) 9th (1975) 7 Dayton, Ohio Dayton W......, Salt Walther
21%
1972 5th (1972) 7th (1972) 1 New York City, New York/Sharon Connecticut Champ Carr Inc. Sam Posey
21%
1989, 1991-1992, 1995 10th (1989) 8th (1995) 4 Roseville, California Truesports, Patrick Racing Scott Pruett
21%
2023 31st (2023) 32nd (2023) 1 Boise, Idaho Dale Coyne Racing/Rick Ware Racing Sting Ray Robb
21%
2024 31st (2024) 25th (2024) 1 Cambridge, Cambridgeshire England Meyer Shank Racing Tom Blomqvist
21%
2003-2011 2nd (2005, 2008) 6th (20060 9 Brasilia, Brazil Menard, Rahal Letterman, Panther Racing, AJ Foyt Enterprises Vitor Meira
21%
1947, 1950-1951 7th (1947) 13th (1951) 3 Springfield, New York Milt Marion, Pritchard, Federal Auto Associates Walt Brown
21%
2017-2020 15th (2020) 17th (2020) 4 Stockdale, Ohio AJ Foyt Enterprises, Andretti Autosport Zach Veach
21%
2008-2011 4th (2010) 11th (2009) 4 Manchester, England Rahal, Schmidt, Dale Coyne Racing Alex Lloyd
14%
1955-1957, 1959-1960 7th (1955) 16th (1955) 5 Topton, Pennsylvania Martin Brothers, Pat Clancy, Harry Dunn, Joe Hunt Al Herman
14%
1955-1959, 1961 5th (1961) 8th (1957) 6 Alexander, New York Sam Traylor, Bardahl (Pat Clancy, H.H. Johnson, Bruce Homeyer Al Keller
14%
2010-2013 15th (2013) 13th (2012) 4 Sao Paulo, Brazil Dreyer Reinbold Racing, Andretti Autosport/ Conquest Racing, Dale Coyne Racing Ana Beatriz
14%
1995 18th (1995) 12th (1995) 1 Sao Paulo, Brazil Tasman Motorsports Andre Ribeiro
14%
1998 8th (1998) 19th (1998) 1 Ann Arbor, Michigan Chitwood Motorsports Andy Michner
14%
1967-1971 8th (1967) 6th (1970) 5 Dragon, Utah Phil Casey, Andy Granatelli, Race Go Corp., Gilmore Racing Art Pollard
14%
2019-2020 23rd (2020) 27th (2019) 2 Manchester, England DragonSpeed Ben Hanley
14%
1989, 1991 9th (1989) 20th (1989) 2 Brussels, Belgium Andale Racing, AJ Foyt Enterprises Bernard Jourdain
14%
2010-2011 7th (2011) 14th (2011) 2 Verviers, Belgium Conquest Racing, Rahal Letterman Lanigan Racing Bertrand Baguette
14%
1980-1983, 1985 16th (1982) 6th (1982) 5 Lubbock, Texas W......... Brothers Racing Bill Whittington
14%
1959-1964, 1966-1968 10th (1964) 5th (1959) 9 Coal City,Indiana Chapman Root, Bill Forbes Racing, Ansted-Thompson Racing, Gil Morcroft, Tassi Vatis, Racing Associates, Gene White Bobby Grim
14%
2014 17th (2014) 21st (2014) 1 Bogota, Colombia Dale Coyne Racing Carlos Huertas
14%
1966-1970, 1972 16th (1966) 19th (1970) 6 Grandview, Missouri George Walther, Bryant Racing Team, A.J. F..., STP Gas Treatment, McLaren Cars (Bruce McLaren), Tassi Vatis Carl Williams
14%
1951-1954, 1960-1961, 1963-1965 6th (1961) 5th (1954) 9 Sidney, Montana Carl Marchese, Paoli, J.C. Agajanian, Bob Wilke, George Salih, Fred Gerhardt, Bob Wilke, Gordon Van Liew Chuck Stevenson
14%
1927-1941, 1946-1947 3rd (1939) 1st (1946) 16 Toledo, Ohio Muller Brother, C.... B......, Bill White, Phil Shafer, Charles Bowes, George Lyons, Lewis Welch, Lou Moore, CB, Shirley B......, Lewis Welch Cliff Bergere
14%
1982 33rd (1982) 23rd (1982) 1 Farmington, New Mexico W.......... Brothers Racing Dale Whittington
14%
2004-2005, 2007-2008 9th (2008) 14th (2008) 4 Knaresborough, England Chip Ganassi Racing, Dreyer Reinbold Racing, AJ Foyt Enterprises Darren Manning
14%
1967-1969, 1971 4th (1967, 1968) 4th (1971) 4 Motueka, New Zealand Smokey Yunick, Oscar Olson, Dan G....., McLaren Cars (Bruce McLaren) Denis Hulme
14%
1998-2002) 12th (2000) 15th (2000) 5 Springfield, Illinois Cahill Racing, AJ Foyt Enterprises Donnie Beechler
14%
1980-1983, 1985 6th (1982) 6th (1985) 5 Lubbock, Texas W.......... Brothers Racing Don Whittington
14%
1938, 1940-1941, 1946-1949, 1951-1953 3rd (1948) 1st (1949, 1951) 10 Chicago, Illinois Henry Kohlert, Joe Marks, Lou Moore, Scuderia Milano, Don Lee, Lewis Welch Duke Nalon
14%
2008 15th (2008) 29th (2008) 1 Curitiba, Brazil Conquest Racing Enrique Bernoldi
14%
1947-1957 4th (1953) 1st (1952) 11 Modesto, California Ross Page Offenhauser, Ross Page, J.C. Agajanian, Kurtis Kraft, J.C. Agajanian, Grancor Auto, Bardahl Racing, Federal Engineering, George Bignotti Racing Fred Agabashian
14%
1935-1941, 1946-1952 3rd (1949) 4th (1950) 14 Rialto, California Joe Marks, Joe Lencki, Mike Boyle, Ed Walsh, H.C. Henning, Lou Moore, Federal Auto Associates George Connor
14%
1965-1980, 1982-1987 8th (1975, 1978) 3rd (1966) 22 Fresno, California Hoffman Racing, Gilmore Racing, AJ Foyt Enterprises George Snider
14%
2014-2015, 2017-2020 12th (2019) 15th (2019) 6 Melbourne, Australia KV Racing Technology, Dale Coyne Racing, Foyt/Byrd/Hollinger/Belardi, DCR/Rick Ware Racing James Davison
14%
2012-2013, 2015 15th (2012) 17th (2012) 3 Leeds, England Dale Coyne Racing, Rahal Letterman Lanigan Racing, Schmidt Peterson Motorsports James Jakes
14%
1977-1979 9th (1978) 14th (1979) 3 New York City New York/ Iowa City, Iowa Rolla Vollstedt, J.... G....., Sherman Armstrong Janet Guthrie
14%
2011, 2017-2018 24th (2018) 20th (2011, 2017) 3 Basildon, England RLL/SSM, Schmidt-Peterson Motorsports, SPM/AFS Jay Howard
14%
2005, 2006 22nd (2005) 21st (2005) 2 Glendale, California Dreyer and Reinbold, Hemelgarn Racing Jeff Bucknum
14%
1950, 1953-1955 10th (1955) 1st (1955) 4 Chicago, Illinois Ludson Morris, John Zink, Belanger, Jim Robbins Jerry Hoyt
14%
1985-1986, 1988-1993 6th (1988) 4th (1989) 8 Dunfermline, Scotland Ed Wachs Motorsport, Wysard Racing, March, King Racing, Team Menard, King Racing, Jim Crawford
14%
1996-1998 18th (1996) 6th (1997) 3 Gadsden, Alabama Blueprint Racing, ISM Racing Jim Guthrie
14%
1960-1966, 1968, 1972, 1974 13th (1962) 2nd (1963) 10 North Tonawanda, New York Ernest Ruiz, Norm Demler, Jim Robbins, Andy Granatelli, DVS Inc., Paxton Products, Fred Gerhardt, J.. H......., MVS Inc, Gohr Racing Jim Hurtubise
14%
1968-1971 4th (1971) 9th (1970) 4 Columbus, Nebraska Jim Robbins, Federal Automotive Associates, Oscar Olson Jim Malloy
14%
1962-1970, 1973-1974, 1977-1980 6th (1963) 6th (1963) 15 Arlington, Texas (Self-Owned and Named) Jim McElreath
14%
1998 9th (1998) 13th (1998) 1 Phoenix, Arizona Sinden Racing Services JJ Yeley
14%
1955-1966 3rd (1958) 5th (1957) 12 Fresno, California George Bignotti, Bob Wilke, George Salih, Gordon Van Liew, George Bryant Johnny Boyd
14%
1953-1960 3rd (1959) 1st (1959) 8 Lowell, Massachusetts Dr. Sabourin, H.A. Chapman, Peter Schmidt, Racing Associates, Johnny Thomson
14%
2018-2019 29th (2018) 17th (2018) 2 Santa Clara, California Juncos Racing Kyle Kaiser
14%
2002 22nd (2002) 16th (2002) 1 St-Chamond, France Conquest Racing Laurent Redon
14%
1967, 1969-1970 23rd (1969) 8th (1969) 3 Jacksonville, Florida Jim Robbins LeeRoy Yarbrough
14%
1996-2002 11th (2000) 4th (2001) 7 Greenfield, Indiana Team Menard, Kelley Racing, Sam Schmidt Motorsports Mark Dismore
14%
2018-2019 13th (2018) 11th (2018) 2 Novo Hamburgo, Brazil AJ Foyt Enterprises Matheus Leist
14%
1994-1995 6th (1995) 6th (1995) 2 Joinville, Brazil Chip Ganassi Racing, PacWest Racing Mauricio Gugelmin
14%
1996 30th (1996) 12th (1996) 1 Milan, Italy Team Scandia Michele Alboreto
14%
1996, 2012 13th (1996) 8th (1996) 2 Mexico City, Mexico Team Scandia, Rahal Letterman Lanigan Racing Michel Jourdain Jr
14%
2001 29th (2001) 22nd (2001) 1 Marseille, France Chip Ganassi Racing Nicolas Minassian
14%
1954-1958 (fatally injured in the 1958 500) 8th (1955, 1957) 1st (1957) 5 North Vernon, Indiana Hopkins/Motor Racers, Ansted Rotary, Sumar/Chapman Root Pat O'Connor
14%
1996-1997 21st (1997) 24th (1996) 2 San Diego, California ABF Motorsports, AJ Foyt Enterprises, Paul Durant
14%
1958-1963 3rd (1960) 9th (1963) 6 Parkersburg, West Virginia Smokey Yunick, Norm Demler, Racing Associates, George Bignotti, Norm Demler Paul Goldsmith
14%
1925-1931, 1933-1937, 1939-1941, 1946 2nd (1937) 3rd (1929) 16 Somerville, Massachusetts Earl Cooper. R.... H......, Cliff Woodbury, Harry Miller, Leon Duray, RH, S.C. Goldberg, RH, Louis Meyer, Tony Gulotta, W.C. Winfield, Lewis Welch Ralph Hepburn
14%
1986 10th (1986) 13th (1986) 1 Lynchburg, Virginia Arciero Racing Randy Lanier
14%
2009-2010 22nd (2009) 12th (2009, 2010) 2 Belo Horizonte, Brazil Luzco Dragon Racing Raphael Matos
14%
1955-1956, 1959 23rd (1955, 1959) 17th (1956) 3 Roswell, New Mexico R.. C....... Ray Crawford
14%
2023 32nd (2023) 29th (2023) 1 New Port Richey Florida Abel Motorsports R.C. Enerson
14%
1934-1941, 1946-1949 2nd (1940, 1941) 1st (1935, 1936,1940, 1948) 12 Riverside, Calfironia Fred Frame, Paul Weirick, Bill White, Joel Thorne, Charles Bowes, Lewis Welch Rex Mays
14%
1996, 2000-2005, 2007 3rd (1996) 15th (1996) 8 Glendale, California Della Penna, Pagan Racing, Sam Schmidt Motorsports, Hemelgarn/Racing Professionals Richie Hearn
14%
1985-1989 8th (`1989) 11th (1987) 5 Chicago, Illinois Patrick Racing, Alex Morales Racing, Hemelgarn Racing, Machinists Union Racing, AJ Foyt Enterprises Rich Vogler
14%
1970-1971, 1974 8th (1970) 15th (1970) 3 Alhambra, California Two Jacks Inc., Jack Adams, Eisenhower-Brayton Racing Rick Muther
14%
1999-2001, 2003-2004 5th (1999) 12th (2000) 5 St Louis, Missouri Conti Racing, Treadway Racing, Cahill Racing, Panther Racing, PDM Racing, Robby McGehee
14%
2009 28th (2009) 23rd (2009) 1 Rotterdam, Netherlands Newman/Haas/Lanigan Racing Robert Doornbos
14%
1988-1990 14th (1989) 28th (1988, 1989) 3 Pasadena, California AJ Foyt Enterprises, Curb Racing, Gohr Racing Rocky Moran
14%
2003-2007 10th (2003, 2004) 11th (2003) 5 Los Angeles, California Fernandez, Rahal Letterman Racing, Dreyer Reinbold, Playa Del, DR, Roger Yasukawa
14%
1968-1970 15th (1970 16th (1969) 3 Alhambra, California Weinberger & Wilseck, MVS Inc. Ronnie Bucknum
14%
2012 11th (2012) 10th (2012) 1 Sao Paulo, Brazil KV Racing Technology Rubens Barrichello
14%
1928-1935, 1937-1941, 1946-1947 5th (1931, 1932) 1st (1931) 15 Denton, Maryland Earl Cooper, R... S........., H.C. Henning, R...S........., R.A. Cott Russ Snowberger
14%
2010, 2012-2015, 2017 15th (2014, 2017) 24th (2012) 6 Bogota, Colombia Bryan Herta Autosport, AA/AFS Racing, Dragon Racing, KV Racing Technology, Chip Ganassi Racing, Juncos Racing Sebastian Saavedra
14%
1975-1979, 1981 6th (1981) 10th (1979) 6 Bloomington, Indiana Ralph Wilke, Longhorn Racing Sheldon Kinser
14%
2016-2020 14th (2019) 3rd (2019) 5 Pasadena, California RLLR, Juncos, ECR, RLLR Spencer Pigot
14%
1948-1950, 1952-1954 19th (1953) 14th (1950) 6 Joplin, Missouri Lou Bromme, Cott, Andy Granatelli, 3L Spider Webb
14%
1987-1988, 1990-1995 7th (1987) 11th (1995) 8 Janesville, Wisconsin Pabst Racing, AJ Foyt Enterprises, Kent Baker Racing, Hemelgarn Racing Stan Fox
14%
1972-1973 22nd (1973) Fatally Injured 4th (1973) 2 San Bernardino, California Pat Patrick-Walt Michener, Patrick Racing (Pat Patrick) Swede Savage
14%
1980-1981 9th (1980) 19th (1980) 2 Ashland, Ohio Mach 1 Racing Tim Richmond
14%
2003 7th (2003) 8th (2003) 1 Victorville, California Kelley Racing Tony Renna
14%
2003-2004 5th (2003) 7th (2003) 2 Shizuoka, Japan Mo Nunn Racing Tora Takagi
14%
2013, 2015 16th (2003) 28th (2013) 2 Saint Martin-d'Heres, France SPM, Dale Coyne Racing Tristan Vautier
14%
1976, 1979, 1981 3rd (1981) 18th (1981) 6 Booleroo Centre, Australia Jorgenson Steel, Wysard Motors, Theodore Racing Vern Schuppan
14%
1997 17th (1997) 3rd (1997) 1 Forli, Italy Team Scandia Vincenzo Sospiri
14%
2012 31st (2012) 26th (2012) 1 Auckland, New Zealand AJ Foyt Enterprises Wade Cunningham
14%
1967-1979 4th (1976, 1977) 2nd (1974) 14 East Brunswick, New Jersey Taasi-Vatis, Lindsey Hopkins, Andy Granatelli, Oscar Olson, Patrick Racing, Jerry O'Connell, Patrick Racing Wally Dallenbach Sr
14%
1950-1951, 1953-1955 7th (1950) 1st (1950) 5 Tell, Texas J.C. Agajanian, Casaroll, Merz Walt Faulkner
14%
2018 19th (2018) 13th (2018) 1 Montreal, Canada Dale Coyne Racing Zachary Claman Demelo
14%
1961 26th (1961) 14th (1961) 1 Chester, Arkansas Ernest Ruiz AJ Shepherd
7%
1996-1997 4th (1996) 7th (1996) 2 Brescia, Italy Team Scandia Alessandro Zampedri
7%
1984 4th (1984) 16th (1984) 1 Abington, Pennsylvania Alex Morales Motorsports Al Holbert
7%
1962-1963 27th (1963) 13th (1963) 2 York/Springfield, Illinois Pete Salemi Allen Crowe
7%
1976-1977 25th (1976) 15th (1977) 2 Easton, Pennsylvania A. L....... Al Loquasto
7%
1938, 1940-1941, 1946 12th (1941) 13th (1946) 4 Tulare, California G.L. Kuehn Al Putnam
7%
2000 28th (2000) 33rd (2000) 1 Indianapolis, IndianaUnited States Fast Track Andy Hillenburg
7%
1951-1957 4th (1952) 2nd (1952) 7 Brownsville, Pennsylvania George Leitenberger, Hart Fullerton, Ansted, Brown Motor Co., Massaglia, H.A. Chapman, Lee Elkins Andy Linden
7%
1965-1969 18th (1965) 18th (1967) 5 Belleville, Illinois Tassi Vatis, Sam Liosi, MVS Inc., Rolla Vollstedt, MVS Inc. Arnie Knepper
7%
1958 33rd (1958) 28th (1958) 1 Mesa, Arizona Helse Art Bisch
7%
1952-1955 2nd (1953) 12th (1953) 4 Jersey City, New Jersey Brady, Paoli, Bardahl, Belanger Art Cross
7%
1963, 1964 11th (1964) 23rd (1963) 2 Tampa, Florida Andy Granatelli Art Malone
7%
1971, 1975 23rd (1972, 1975) 15th (1971) 2 Kennebunkport, Maine Tassi Vatis, Grant King Bentley Warren
7%
1981 11th (1981) 7th (1981) 1 Honolulu, Hawaii Team Penske Bill Alsup
7%
1957-1959, 1961, 1964-1965 10th (1958) 9th (1961) 6 Tucson, Arizona J.S. Donaldson, Lysle Greenman, Al Dean, Myron Osborn, Harry Lane Bill Cheesbourg
7%
1954,1960 13th (1960), ( finished 5th as a relief driver in 1955) 18th (1954) 2 Rock Island, Texas Jones & Maley, Norm Hall Bill Homeier
7%
1975-1977 7th (1975) 15th (1975) 3 Indianapolis Indiana? Lee Elkins, George Walther Bill Puterbaugh
7%
1950-1952 13th (1951) 15th (1952) 3 Middletown, New York Lou Rassey, Chapman Bill Schindler
7%
1946, 1948-1949 9th (1946) 22nd (1949) 3 El Paso, Texas Jack Maurer, B... S....... Bill Sheffler
7%
1937-1941, 1946, 1948 7th (1937) 8th (1941) 7 St John, Kansas H.E. Winn, Joel Thorne, Leon Duray, Alden Sampson, Fred Surber, William Schoof, Pat Clancy Billy Devore
7%
1980 11th (1980 22nd (1980) 1 Madison, Wisconsin Beaudoin Racing Billy Engelhart
7%
1956, 1958 16th (1956) 15th (1958) 2 Princeton, Illinois Lysle Greenman, H.A. Chapman Billy Garrett
7%
1961-1964 5th (1962) 3rd (1962) 4 Pottstown, Pennsylvania John Willis, Bryant Heating& Cooling, Lindsey Hopkins Bobby Marshman
7%
1977 25th (1977) 14th (1977) 1 Lakewood, California Alex Morales Bobby Olivero
7%
1956-1963 10th (1960) 14th (1960) 8 Grants Pass, Oregon H.H. Johnson, Jones & Maley, Federal Engineering, William Tucker, Ernest Ruiz Bob Christie
7%
1964, 1971, 1973-1976 8th (1964, 1974) 23rd (1975) 6 Charlotte, North Carolina Wally Weir, Joe Hunt, Lindsey Hopkins, George Walther, Agajanian-King-Purcell Bob Harkey
7%
1964 22nd (1964) 28th (1964) 1 Omaha. Nebraska George Walther Bob Mathouser
7%
1952-1953 29th (1952) 11th (1953) 2 Watsonville, California Ludson Morris, Lou Bromme Bob Scott
7%
1956-1960, 1962-1965, 1967-1968 7th (1956) 4th (1958) 11 Tulare, California Federal Engineering (Bob Estes) Bob Estes, George Bignotti, John Zink, Peter Schmidt, Ray Crawford, Racing Associates, Kjell Qvale, Fred Gerhardt, Don Gerhardt Bob Veith
7%
1964 9th (1964) 32nd (1964) 1 St Louis, Missouri Gil Morcroft Bob Wente
7%
1996 23rd (1996) 26th (1996) 1 Tucson, Arizona Hemelgarn Racing Brad Murphey
7%
1992 19th (1992) 26th (1992) 1 Boston, Massachusetts Dale Coyne Racing Brian Bonner
7%
1994 12th (1994) 21st (1994) 1 Houston, Texas Dale Coyne Racing Brian Till
7%
1969-1970 29th (1970) 14th (1970) 2 Downey, California Don Gerhardt, Agajanian-Faas Racers Bruce Walkup
7%
1960, 1962-1969, 1971 6th 10th (1962) 10 Frazee, Minnesota Bruce Homeyer, John Willis, Dan Levine, Lindsey Hopkins, Federal Engineering, Vel's Parnelli Jones, Bud Tingelstad
7%
1953-1955 10th (1954) 9th (1955) 3 Turlock, California Belanger, Jim Robbins Cal Niday
7%
1951, 1953 12th (1953) 15th (1951) 2 Benton, Illinois Lee Elkins Carl Scarborough
7%
1947-1949 11th (1948) 12th (19480 3 Brussels, Belgium Tucker Partners, Walter Redmer, Geneva V.. A.... Charles Van Acker
7%
1982-1983 24th (1982) 29th (1982) 2 San Angelo, Texas Circle Bar Auto Racing Chet Fillip
7%
1983-1984 12th (1983) 25th (1983) 2 Chicago, Illinois C.... K...... Chris Kneifel
7%
1959 15th (1959) 21st (1959) 1 Stamford, Connecticut Karl Hall Chuck Arnold
7%
1962-1963, 1966-1967 7th (1967 8th (1966) 4 La Palma, California Federal Engineering, Al Dean, Bob Wilke, Lindsey Hopkins Chuck Hulse
7%
1962, 1965 27th (1962) 21st (1962) 2 Dixmoor, Illinois Ernest Ruiz, Wally Weir Chuck Rodee
7%
1955, 1957-1959 12th (1955) 25th (1955, 1957) 4 St Marys, Ohio Federal Engineering, Pete Salemi, Harry Dunn, Roy McKay Chuck Weyant
7%
1951-1952, 1956, 1961 9th (1952) 9th (1952) 4 Nineveh, Indiana Ludson Morris, Tom Sarafoff, Jim Robbins, Edgar Elder Cliff Griffith
7%
1977-1979 22nd (1977) 18th (1979) 3 Prince George, British Columbia Hucul-Hunter-Arndt Cliff Hucul
7%
2001 19th (2001) 31st (2001) 1 Santa Monica, California Indy Regency Racing Cory Witherill
7%
2020-2022 23rd (2021) 24th (2020_ 3 Stouffville, Ontario AJ Foyt Enterprises Dalton Kellett
7%
1964 29th (1964) 14th (1964) 1 El Monte, California Mickey Thompson Dave MacDonald
7%
1980-1984 10th (1981) 21st (1982) 5 Townsville, Australia Scientific Drilling, Simpson Sports, Purcell Racing Dennis Firestone
7%
1994, 1997 15th (1997) 15th (`1994) 2 Massapequa, New York Dick Simon Racing, Beck Motorsports Dennis Vitolo
7%
1971-1972 8th (1971) 28th (1971, 1972) 2 Glastonbury, Connnecticut Fiore Racing Enterprises, Rolla Vollstedt Denny Zimmerman
7%
1980 31st (1980) 15th (1980) 1 Los Angeles, California Sanett Racing Dick Ferguson
7%
1989-1990, 1993 11th (1990) 19th (1989) 3 Nivelles, Belgium Arciero Racing, Granatelli Racing, Hemelgarn Racing Didier Theys
7%
1988-1994, 12th (1992) 11th (1990) 7 Stuttgart, Germany Dobson Motorsports, Bayside Disposal Racing, Burns Racing, PacWest Racing Dominic Dobson
7%
1959-1966 4th (1960) 2nd (1961) 8 Rantoul, Illinois Bob Estes, John Willis, Lindsey Hopkins, Bob Wilke Don Branson
7%
1957 19th (1957) 27th (1957) 1 Santa Ana, California Roy McKay Don Edmunds
7%
1953-1960 3rd (1956) 6th (1954) 8 Los Angeles, Claifornia Bob Estes, Ansted-Thompson Racing, Bob Estes, Jim Robbins, Racing Associates Don Freeland
7%
1946-1947, 1949-1951,1956 10th (1947) 7th (1950) 6 Williamstown, West Virginia Fred Johnston, Bill Schoof, Norm Olsen, Verlin Brown, Shannon Brothers Duke Dinsmore
7%
1954-1958 18th (1954) 2nd (1958) 5 Oakland, California H.A. Chapman, Fred Sommer, Lee Elkins, John Zink Ed Elisian
7%
1985-1987 9th (1985) 10th (1986) 3 Newburgh/Rock Tavern, New York Mike Curb Ed Pimm
7%
1936, 1938-1941, 1946-1949 4th (1946) 11th (1946) 9 Tinley Park, Illinois Stewart Carew, Jimmy Snyder, Murrell Belanger, Joe Lencki, Frank Brisko, George Tuffanelli, Charles Pritchard Emil Andres
7%
1992, 1995 28th (1995) 15th (1992) 2 Brussels, Belgium Dale Coyne Racing, Payton/Coyne Racing Eric Bachelart
7%
1953-1954 8th (1953) 20th (1953, 1954) 2 Reading, Pennsylvania H.A. Chapman, Crawford Ernie McCoy
7%
1987 3rd (1987) 17th (1987) 1 Monza, Italy Arciero Racing Fabrizio Barbazza
7%
1996-1997 10th (1997) 28th (1996) 2 Barcelona, Spain Team Scandia Fermin Velez
7%
1954 19th(1954) 33rd (1954) 1 Portland, Oregon Martin Brothers Frank Armi
7%
1937-1941, 1946-1947 7th (1940) 6th (1941) 7 Belle Plaine, Iowa Leon Duray, Paul Weirick, Moore & Roberts, Mike Boyle, Arthur M. Sims, Ervin Wolfe, Lou Rassey Frank Wearne
7%
2015-2018 9th (2017) 21st (2016) 4 Bogota, Colombia Bryan Herta Autosport, Dale Coyne Racing, Harding Racing Gabby Chaves
7%
1966 25th (1966) 16th (1966) 1 Palmyra, Wisconsin Tassi Vatis Gary Congdon
7%
1951, 1960 11th (1951) 20th (1960) 2 New Madison, Ohio Brown Motor Co., Roy McKay Gene Force
7%
1950, 1952-1954, 1956-1957, 1959-1962 10th (1957) 9th (1959) 10 Roanoke, Indiana Joe Langley, Mel Wiggers, Federal Auto Associates, Pete Salemi, Hart Fullerton, M&W Racing, Chapman Root, John Chalik, M&W Racing Gene Hartley
7%
1958 2nd (1958) 25th (1958) 1 Vernonia, Oregon Norm Demler George Amick
7%
1934, 1936, 1939-1941, 1946 6th (1939) 12th (1934) 6 Wichita Falls, Texas H.C. Henning, Phil Shafer, Bill White, G..... B........ George Barringer
7%
1949, 1952 15th (1952) 13th (1952) 2 Elmhurst, Pennsylvania Ray Brady, Leitenberger George Fonder
7%
1973 16th (1973) 13th (1973) 1 Wellington, New Zealand STP Gas Treatment (Pat Patrick) Graham McRae
7%
1980 10th (1980) 23rd (1980) 1 Indianapolis, Indiana Sherman Armstrong Greg Leffler
7%
1970 32nd (1970) 28th (1970) 1 Kansas City, Missouri Race Go Corp. Greg Weld
7%
1934-1941, 1946, 1948 7th (1938, 1941) 4th (1941) 10 Nineveh, Indiana Michael DeBaets, Alden Simpson, Cantion, Carl Marchese, F. Burren, Bill White, Robert Flavell, Brisko Harry McQuinn
7%
1982 13th (1982) 15th (1982) 1 Mexico City, Mexico Forsythe Racing Hector Rebaque
7%
1938- 1946-1947, 1950-1952 6th (1951) 12th (1952) 6 Surrey, England/ Royal Oaks, Michigan Louis Kimmel, Lou Rassey, H.C. Henning I.R.C., Lewis Hopkins Henry Banks
7%
1994-1996, 1999 8th (1996) 10th (1999) 4 Kochi, Japan Dick Simon Racing, Hideshi Matsuda
7%
1979, 1982-1985, 1988 6th (1983) 2nd (1984) 6 Ann Arbor, Michigan AMI Racing, Doug Shierson Racing, Mayer Racing, Forsythe Racing, Alex Morales Racing Howdy Holmes
7%
1980 18th (1980) 25th (1980) 1 Chicago, Illinois Lindsey Hopkins Racing Hurley Haywood
7%
2014-2016 16th (2016) 13th (2014) 3 Bradford, England Bryan Herta Autosport, A.J. Foyt Autosport Jack Hawksworth
7%
1998 12th (1998) 22nd (1998) 1 Troy, Ohio Joe Langley Jack Hewitt
7%
1948-1955 3rd (1951, 1954) 1st (1954) 8 Los Angeles, California B... S......., Leo Dobry, Jack Hinkle Jack McGrath
7%
2008 31st (2008) 30th (2008) 1 Goiania, Brazil Conquest Racing Jaime Camara
7%
1974, 1976 16th (1976) 32nd (1974) 2 Long Beach, Californa Parnelli Jones, Richard Routh Jan Opperman
7%
2000 17th (2000) 17th (2000) 1 Long Beach, California Treadway Racing0 Jason Leffler
7%
1987 8th (1987) 12th (1987) 1 Santa Ana, California Galles Racing Jeff MacPherson
7%
2004, 2006-2008 11th (2007) 13th (2007) 4 Hartford, Connecticut Mo Nunn Racing, Rahal Letterman Racing, AJ Foyt Enterprises Jeff Simmons
7%
1973-1975, 1978, 1980-1981 13th (1975) 19th (1974) 6 Queens, New York K... Racing Jerry Karl
7%
1982 7th (1982) 24th (1982) 1 Panama, Oklahoma Rattlesnake Racing (Harry Schwartz) Jim Hickman
7%
1959-1960 16th (1959) 32nd (1960) 2 Grammer, Indiana Ray Brady. John Willis Jim McWithey
7%
1971-1975 9th (1972) 9th (1973) 5 Anaheim, California Gilmore Racing, Quality Racing Team, Robert Fletcher, Alex Morales Jimmy Caruthers
7%
1950-1951, 1953, 1955 3rd (1955) 10th (1955) 4 Glendale, California Pat Clancy, Parks, Pat Clancy, Bardahl Jimmy Davies
7%
1954-1957, 1959, 1961-1962 9th (1955) 2nd (1954) 7 Wabash, Indiana Sumar, Chapman Root, H.H. Johnson, Federal Engineering, Ollie Prather, Taasi Vatis Jimmy Daywalt
7%
1998-2000, 2003, 2005 11th (1998) 25th (2000) 5 Effingham, Illinois Team Scandia, McCormack Motorsports, Blueprint Racing, PDM Racing, Hemelgarn Racing Jimmy Kite
7%
1952, 1954-1958 6th(1958) 3rd (1958) 6 Oklahoma City,Oklahoma United States John Zink, Emmett Malloy, Hart Fullerton, Fred Sommer, John Zink Jimmy Reece
7%
1996 25th (1996) 31st (1996) 1 Oswego, New York Team Scandia Joe Gosek
7%
1978-1979 15th (1978) 24th (1978) 2 Clay Center, Nebraska Hoffman Racing Joe Saldana
7%
1999 13th (1999) 12th (1999) 1 Oklahoma City, Oklahoma Team Xtreme John Hollansworth Jr
7%
1972, 1977-1979 14th (1977) 17th (1978) 4 Alpha, Iowa Vanguard Racing, Don Mergard, Carl G........., Intercomp John Mahler
7%
1956-1958 13th (1958) 30th (1958) 3 Victor, Colorado Kuzma, Kurtis Kraft, Lesovsky Johnnie Tolan
7%
1949-1952 18th (1949, 1950) 26th (1951) 4 Delavan, Illinois Henry Meyer, Pete Wales, Maserati, Wolcott Johnny McDowell
7%
1940-1941, 1946-1950 5th (1946, 1949, 1950) 9th (1950) 7 Denison, Texas Paul Weirick, Joe Lenicki, Fred Peters, Ted Nyquist, Ervin Wolfe Joie Chitwood
7%
1955-1956 20th (1955) 20th (1956) 2 Denver, Colorado McDaniel, Harry Dunn Keith Andrews
7%
2004-2007 11th (2004) 7th (2006) 4 Nagoya, Japan Super Aguri/Fernandez Racing, Super Aguri/Panther Kosuke Matsuura
7%
1974, 1976, 1980 17th (1976) 10th (1976) 3 Danville, Illinois Richard Hoffman, Kraco (L....C.....) Larry Cannon
7%
1954 9th (1954) 25th (1954) 1 Cambridge City, Indiana Federal Engineering Larry Crockett
7%
1966-1969, 1971, 1978-1979, 1981 9th (1969) 9th (1978) 8 Marietta, Ohio Walt Michener, Gordon Van Liew, M....A......,Rolla Vollstedt, Grant King, Russ Polak, Andy Kenopensky Larry Dickson
7%
1975-1976 26th (1976) 2 Langhorne, Pennsylvania James Bidwell Larry McCoy
7%
1972-1973, 1977, 1979 7th (1973, 1977) 11th (1979) 4 Guttenberg, Iowa Myron Cave, Lindsey Hopkins, Patrick Santello, Conqueste Racing Team Lee Kunzman
7%
1954 31st (1954) relieved by George F..... 26th (1954) 1 Brooklyn, New York Brady Len Duncan
7%
1958-1962, 1964-65 2nd (1962) 4th (1962) 7 Portland, Oregon Jim Robbins, Wolcott Memorial Racing Team, Pete Salemi, Bob Wilke, Rolla Vollstedt Len Sutton
7%
1935-1941, 1946 10th (1937) 8th (1936) 8 Portland, Oregon Joe Lenicki, Babe Stapp, S.S. Engineering, H.E. Winn, Frank Griswold, Ed Walsh, Hughes Brothers, Joseph Hosso Louis Tomei
7%
1987-1989 13th (1989) 10th (1987) 3 Scarborough, Canada Dick Simon Racing, Hemelgarn Racing Ludwig Heimrath
7%
1992-1997, 2000 11th (1992) 6th (1994) 7 Willoughby, Ohio Dick Simon Racing, Zunne Group Racing, Hemelgarn Racing, Dick Simon Racing Lyn St James
7%
1948-1951 5th (1948) 14th (1949) 4 Fort Dodge, Iowa Tommy Lee, Pritchard, Tuffannelli Mack Hellings
7%
1949, 1952-1954 13th (1953, 1954) 4th (1953) 4 Burbank, CaliforniaUnited States Bill Sheffler, Coast Grain Co., Schmidt Manny Ayulo
7%
1994, 1996-1998 14th (1998) 14th (1998) 4 Sao Paulo, Brazil Arciero Racing, AJ Foyt Enterprises, Team Scandia, Phoenix Racing, Marco Greco
7%
2010 13th (2010) 27th (2010) 1 Telemaco Borba, Brazil Conquest Racing Mario Romancini
7%
1953, 1957 7th (1957) 22nd (1953) 2 Daytona Beach, Florida Hart Fullerton, Chapman Root Marshall Teague
7%
2014 23rd (2014) 32nd (2014) 1 Tamworth, England AJ Foyt Enterprises Martin Plowman
7%
2004-2005, 2007-2008 24th (2004) 29th (2005) 4 Toronto, Canada Roth Racing, Roth/PDM Racing, Roth Marty Roth
7%
1939-1941, 1946-1948 8th (1940) 5th (1940) 6 Redfield, South Dakota Joel Thorne, Harry Hartz, Lou Fageol, Ross Page, Flavell-Duffy, Paul Weirick Mel Hansen
7%
1966-1973 3rd (1968) 12th (1972) 8 DeKalb, Illinois Fred Gerhardt, 3K Racing, Lindsey Hopkins, Gilmore Racing (Lindsey Hopkins) Mel Kenyon
7%
1965 6th (1965) 15th (1965) 1 Mansfield, Ohio Pete Salemi Mickey Rupp
7%
1981-1983 12th (1981 22nd (1982) 3 San Marino, California Hodgdon Racing Mike Chandler
7%
1991, 1994, 1996-1998 12th (1997) 11th (1996) 5 Van Nuys, California Euromotorsport, Rahal Hogan Racing, Walker Racing, Byrd-Cunningham Racing Mike Groff
7%
1972-1975 7th (1972) 3rd (1974) 4 Tustin, California Page Racing Enterprises, Don Gerhardt, Penske Racing, Vatis Racing Mike Hiss
7%
1957-1959 17th (1958) 18th (1957) 3 Haddonfield, New Jersey Sutton, Kurtis Kraft, Templeton Mike Magill
7%
1950-1954 2nd (1951) 7th (1951) 3 Newark, New Jersey Jim Robbins, Elkins Mike Nazaruk
7%
1949-1950 4th (1949) 13th (1949) 2 Milwaukee, Wisconsin Carl Marchese Myron Fohr
7%
1983-1984 30th (1983, 1984) 17th (1983) 2 La Porte, Iowa Lee Brayton Patrick Bedard
7%
1940-1941, 1946-1950, 1953-1954, 1956-1959, 1962 4th (1957) 2nd (1946) 14 Kenosha, Wisconsin Leader Card (Carl Marchese), Lou Fageol, Ervin Wolfe, R.A. Cott, Charles Pritchard, P... R...., Federal Auto Associates, Ansted, Lewis Welch, Novi Racing Corp., Fred Gerhardt, Myron Osborn Paul Russo
7%
1981-1982 24th (1981) 24th (1981) 2 Lafayette, Indiana Arciero Racing Pete Halsmer
7%
2007 29th (2007 33rd (2007) 1 Oxnard, California Playa Del Racing Phil Giebler
7%
1986, 1988 8th (1988) 15th (1988) 2 Milwaukee, Wisconsin Gohr Racing Phil Krueger
7%
1992 28th (1992) 16th (1992) 1 Avignon, France Dick Simon Racing Phillipe Gache
7%
1978-1979 17th (1979) 29th (1978, 1979) 2 Alamo, California (Self-Owned and Named) Phil Threshie
7%
2006 33rd (2006) 20th (2006) 1 Far Hills, New Jersey Hemelgarn Racing PJ Chesson
7%
1959-1960 11th (1960) 15th (1959) 2 Kansas City, Missouri Leroy Foutch, Len Faas Red Amick
7%
1997 9th (1997) 21st (1997) 1 Mission Hills, California McCormack Racing Robbie Groff
7%
1980 23rd (1980) 10th (1980) 1 Lincoln, Nebraska R.... R.... Roger Rager
7%
1964-1968 6th (1968) 16th (1964) 5 Dearborn, Michigan Nicholas Fulbright, Ernest Ruiz, J. Frank Harrison, J.C. Agajanian, Cleaver Brooks Ronnie Duman
7%
1968-1973, 1975 4th (1972) 23rd (1969) 7 Nashville, Michigan Taasi Vatis, Jim Robbins, Agajanian-Faas Racers, Gene White Sammy Sessions
7%
1996 15th (1996) 32nd (1996) 1 Louisville, Kentucky Della Penna Motorsports Scott Harrington
7%
2002-2003 20th (2002) 27th (2002) 2 Okayama, Japana Bradley Motorsports, AJ Foyt Enterprises Shigeaki Hattori
7%
2003 14th (2003) 15th (2003) 1 Takatsuki, Japan Beck Motorsports Shinji Nakano
7%
1930-1931, 1933-1939, 1946, 1947 2nd (1930) 3rd (1930) 11 Paris, Illinois Bill White, S.....C......, Bill White, Thomas O'Brien, Charles Hughes, Lou Rassey Shorty Cantlon
7%
1955, 1958, 1960-1962 4th (1961) 6th (1962) 5 Pueblo, Colorado Central Excavating, Lee Elkins, Federal Engineering, Bill Forbes Racing Shorty Templeman
7%
1969 17th (1969) 14th (1969) 1 Sellersburg, IndianaUnited States 3K Racing Sonny Ates
7%
1976, 1978-1980, 1984 10th (1979) 4th (1980) 5 Jasper, Indiana Carl G........., Spike Gehlhausen
7%
1998-2000 17th (1999) 8th (2000) 3 Glen Cove, New York Metro Racing Systems, Hemelgarn Racing Stan Wattles
7%
1993-1995 11th (1993) 6th (1993) 3 Vaxjo, Sweden Bettenhausen Motorsports Stefan Johansson
7%
2015 25th (2015) 29th (2015) 1 La Colle, Monaco KV Racing Technology Stefano Coletti
7%
1993, 1996-1998, 2000-2001, 2006 8th (2000) 13th (1996, 1997) 7 Neufchateau, France Formula Project, Hemelgarn, Chastain Motorsports, Dick Simon Racing, Heritage Racing, Team Leader Motorsports Stephan Gregoire
7%
1983, 1987-1988 11th (1983) 19th (1983) 3 Brockton, Massachusetts Gohr Racing, United Oil, Gary Trout Motorsports Steve Chassey
7%
1998-2000 3rd (1998) 13th (1999) 3 Minneapolis, Minnesota ISM Racing, Dreyer Reinbold Steve Knapp
7%
1971-1979, 1981-1982 4th (1978) 7th (1973) 11 Parsippany-Troy Hills, New Jersey Andy Granatelli, Grant King, Patrick Racing (Pat Patrick), Ralph Wilke, Tassi Vatis, Patrick Racing (Pat Patrick), Robert Fletcher, Psachie Garza Racing, Sherman Armstrong Steve Krisiloff
7%
1992 16th (1992) 32nd (1992) 1 Santa Monica, California P.I.G. Enterprises Ted Prappas
7%
1988-1991 12th (1990) 16th (1989, 1990) 4 Tampere, Finland Dick Simon Racing, Gohr Racing, Dick Simon Racing, Paragon Racing Tero Palmroth
7%
2006 31st (2006) 33rd (2006) 1 Sao Paulo Brazil PDM Racing Thiago Medeiros
7%
2005 19th (2005) 10th (2005) 1 Liberec, Czechia Panther Racing Tomas Enge
7%
1978-1980 9th (1979) 13th (1980) 3 Pittsburgh, Pennsylvania Longhorn Racing, Patrick Racing Tom Bagley
7%
1974-1982 6th (1977) 18th (1978) 9 Whitewater, Wisconsin Vollstedt Enterprises, Leader Card Racers, Thermo King, AMI Racing, Gohr Racing, HBK Racing Tom Bigelow
7%
1984 17th (1984) 13th (1984) 1 Lafayette, California Galles Racing Tom Gloy
7%
1981 29th (1981) 30th (1981) 1 St Paul, Minnesota Schulz Racing Tom Klausler
7%
1997, 1999 14th (1999) 15th (1999) 2 Indianapolis, Indiana PDM Racing, Blueprint-Immke Racing Tyce Carlson
7%
1964-1965 13th (1964) 10th (1964) 2 Westfield, New Jersey Kjell Qvale Walt Hansgen
7%
1960-1961 15th (1961) 12th (1961) 2 Phoenix, Arizona Ansted-Thompson Racing, Lindsey Hopkins Wayne Weiler
7%
1991, 1993 21st (1993) 29th (1991) 2 San Jose, California Raynor Motorsports, Walker Racing Willy T. Ribbs
7%
1999 23rd (1999) 29th (1999) 1 Herentals, Belgium Team Cheever Wim Eyckmans
7%
1997 30th (1997) 32nd (1997) 1 L'lle Perot, Quebec Blueprint Racing Claude Bourbonnais
0%
1934, 1936-1939, 1947 4th (1947) 3rd (1937) 6 Glassport, Pennsylvania Angelo Lucenti, Charles Bowes, Lewis Welch, Harry Hartz, Lewis Welch Herb Ardinger
0%
2009 25th (2009) 31st (2009) 1 Valence, France HVM Racing Nelson Philippe Jr
0%
1996 25th (1996) 25th (1996) 1 Buellton, California Team Scandia Racin Gardner
0%
1940-1941, 1948 9th (1948) 9th (1940) 3 Muhlenberg Township, Pennsylvania Joe Marks, Kurtis Kraft Tommy Hinnershitz
0%
No matching quizzes found
Score Distribution
Percent of People with Each Score
Percentile by Number Answered
Your Score History
You have not taken this quiz since the last reset